00602cam a2200205 a 45000010008000000030012000080050017000200080041000370100017000780200015000950400012001100820012001221000025001342450067001592600051002263000025002775000020003026500041003226500033003632406389NUST - PNEC20170116180955.0860904s1987 nyu c 001 0 eng  a 86024551  a0442226586 cLIBRARY00a621 FAL1 aFalk, Howard,d1927-10aMicrocomputer software for mechanical engineers cHoward Falk. aNew York :bVan Nostrand Reinhold Co.,cc1987. aix, 420 p. ;c24 cm. aIncludes index. 0aMechanical engineeringxSoftwarexME 0aMicrocomputersxProgramming.